Pla d'organització social agrària de Catalunya / per Josep M. Rendé
Descripción Física:
138 p., 1 map. pleg. ; 22 cm
Materias:
Agricultura -- Catalunya
MARC
| LEADER | 00000nam a2200000Ia 4500 | ||
|---|---|---|---|
| 001 | 8125 | ||
| 008 | 160829s1924 xx 000 0 cat d | ||
| 080 | |a C-1-331 | ||
| 100 | |a Rendé i Ventosa, Josep M. |9 25415 | ||
| 245 | |a Pla d'organització social agrària de Catalunya / per Josep M. Rendé | ||
| 260 | |a Barcelona : |b Mancomunitat de Catalunya, |c 1924 | ||
| 300 | |a 138 p., 1 map. pleg. ; |c 22 cm | ||
| 490 | |a Arxius dels Serveis Tècnics d'Agricultura ; fascicle III | ||
| 650 | |a Agricultura |x Catalunya |9 22035 | ||
| 710 | 2 | |a Catalunya. |b Mancomunitat |9 53015 | |
| 710 | 1 | |a Catalunya. |b Mancomunitat. |b Serveis Tècnics d'Agricultura |9 54615 | |
| 856 | 4 | |u https://media.diba.cat/diba/fitxers/arxiu/mancomunitat/bib_8125_baixa.pdf |y Accés lliure | |
| 901 | |a Arxiu | ||
| 942 | |n 1 |2 udc | ||
| 952 | |0 0 |1 0 |4 0 |6 C1331 |7 1 |9 43607 |a Arxiu |b Arxiu |d 2016-12-01 |l 0 |o C-1-331 |p 8125 |r 2016-12-01 00:00:00 |w 2016-12-01 |y ARXIU | ||
| 999 | |c 46155 |d 46155 | ||
| 900 | |a bib_8125_baixa.pdf | ||